[Event "39. Rilton Cup 2009/2010"]
[Site "Stockholm SWE"]
[Date "2009.12.28"]
[Round "2.31"]
[White "Janse, Love"]
[Black "Niemi, Mikko"]
[Result "0-1"]
[WhiteElo "2141"]
[BlackElo "2219"]
[PlyCount "68"]
[EventDate "2009.12.27"]
[EventType "swiss"]
[EventRounds "9"]
[EventCountry "SWE"]
[Source "lmi"]
[SourceDate "2009.12.27"]

1. e4 c5 2. f4 g6 3. Nf3 Bg7 4. Nc3 d6 5. Bc4 Nc6 6. d3 Nf6 7. O-O O-O 8. Qe1
e6 9. e5 dxe5 10. fxe5 Ng4 11. Bg5 Qd7 12. Ne4 Ncxe5 13. c3 Qc7 14. Qh4 f5 15.
Be7 Re8 16. Bd6 Qc6 17. Nxe5 Nxe5 18. Bxe5 Bxe5 19. Ng5 Qc7 20. Rae1 Bf6 21.
Nxe6 Bxe6 22. Rxe6 Bxh4 23. Rxe8+ Kg7 24. Rxa8 b5 25. Bd5 b4 26. g4 f4 27. Rg8+
Kh6 28. Rf8 Qd6 29. R1xf4 Qxd5 30. d4 Bg5 31. Rf3 cxd4 32. R8f7 Be3+ 33. Kg2
bxc3 34. h4 cxb2 0-1

[Event "39. Rilton Cup 2009/2010"]
[Site "Stockholm SWE"]
[Date "2009.12.28"]
[Round "2.34"]
[White "Lokander, Martin"]
[Black "Wiander, Michael"]
[Result "0-1"]
[WhiteElo "1820"]
[BlackElo "2195"]
[PlyCount "110"]
[EventDate "2009.12.27"]
[EventType "swiss"]
[EventRounds "9"]
[EventCountry "SWE"]
[Source "lmi"]
[SourceDate "2009.12.27"]

1. d4 d5 2. c4 e5 3. dxe5 d4 4. Nf3 Nc6 5. g3 Bb4+ 6. Bd2 a5 7. a3 Bc5 8. Bg5
Nge7 9. Nbd2 h6 10. Bxe7 Qxe7 11. Nb3 Nxe5 12. Nxe5 Qxe5 13. Qd2 Bb6 14. c5
Bxc5 15. Nxc5 Qxc5 16. Rd1 O-O 17. Qxd4 Qc6 18. Qd5 Qb6 19. Qd4 Qc6 20. Qd5 Qb6
21. Qd4 c5 22. Qc3 Qc6 23. Qf3 Qa4 24. Bg2 Re8 25. Qc3 Bg4 26. Bf3 Bh3 27. Rd2
Rad8 28. Qc2 Qb5 29. Kd1 Rd4 30. Rxd4 cxd4 31. Qd3 Qc5 32. Qc2 Qb5 33. g4 Qd7
34. Rg1 Rc8 35. Qe4 Qa4+ 36. Kd2 Qb3 37. Rb1 b5 38. Qd3 Qe6 39. Qxb5 Bxg4 40.
Qd5 Qg6 41. Rc1 Rb8 42. Qxd4 Qg5+ 43. Qe3 Rxb2+ 44. Rc2 Rxc2+ 45. Kxc2 Bf5+ 46.
Kd2 Qd8+ 47. Ke1 Qb8 48. Be4 Bxe4 49. Qxe4 Qb2 50. Kf1 Qxa3 51. Qe8+ Kh7 52.
Qxf7 Qc1+ 53. Kg2 Qc6+ 54. Kh3 h5 55. Qf5+ Qg6 0-1

[Event "39. Rilton Cup 2009/2010"]
[Site "Stockholm SWE"]
[Date "2009.12.29"]
[Round "3.1"]
[White "Rozentalis, Eduardas"]
[Black "Handke, Florian"]
[Result "1-0"]
[WhiteElo "2611"]
[BlackElo "2513"]
[PlyCount "67"]
[EventDate "2009.12.27"]
[EventType "swiss"]
[EventRounds "9"]
[EventCountry "SWE"]
[Source "lmi"]
[SourceDate "2009.12.27"]

1. e4 e5 2. Nf3 Nf6 3. d3 Nc6 4. g3 Bc5 5. Bg2 d6 6. O-O a6 7. c3 Ba7 8. a4 O-O
9. Qe2 Re8 10. b4 h6 11. Bb2 Ne7 12. Nbd2 Ng6 13. c4 c6 14. Rac1 Bd7 15. c5 Bg4
16. h3 Bxf3 17. Qxf3 a5 18. Nc4 axb4 19. Nxd6 Re7 20. Nf5 Rd7 21. Rfd1 Bb8 22.
h4 Rxa4 23. Bh3 Ra2 24. Rb1 h5 25. Bc1 Ba7 26. Be3 Rxd3 27. Nxg7 Bxc5 28. Ne6
Bxe3 29. Nxd8 Bxf2+ 30. Qxf2 Rxd1+ 31. Rxd1 Rxf2 32. Kxf2 Nxe4+ 33. Ke3 Nxg3
34. Kf3 1-0

[Event "39. Rilton Cup 2009/2010"]
[Site "Stockholm SWE"]
[Date "2009.12.29"]
[Round "3.3"]
[White "Richter, Michael"]
[Black "Ivanov, Sergey"]
[Result "1/2-1/2"]
[WhiteElo "2412"]
[BlackElo "2530"]
[PlyCount "86"]
[EventDate "2009.12.27"]
[EventType "swiss"]
[EventRounds "9"]
[EventCountry "SWE"]
[Source "lmi"]
[SourceDate "2009.12.27"]

1. d4 e6 2. c4 Nf6 3. Nc3 Bb4 4. f3 Nc6 5. e4 d5 6. cxd5 exd5 7. e5 Ng8 8. Be3
Nh6 9. Bb5 Bd7 10. Bxc6 Bxc6 11. Nge2 Nf5 12. Bf2 O-O 13. O-O f6 14. g4 Nh6 15.
Nf4 Re8 16. exf6 Bxc3 17. bxc3 Qxf6 18. Bg3 Nf7 19. Qb3 Re3 20. Rae1 Rae8 21.
Nxd5 Bxd5 22. Qxd5 h6 23. Rxe3 Rxe3 24. Qxb7 Ng5 25. Qc8+ Kh7 26. Qf5+ Qxf5 27.
gxf5 Rxc3 28. Kg2 c5 29. d5 Rd3 30. d6 Nf7 31. Rc1 Rd5 32. Rc3 Nxd6 33. Bxd6
Rxd6 34. Rxc5 Rd2+ 35. Kg3 Rxa2 36. Rc7 Kg8 37. h3 a5 38. Ra7 a4 39. Kf4 a3 40.
Ra8+ Kf7 41. Ra7+ Kf6 42. Ra6+ Kf7 43. Ra7+ Kf6 1/2-1/2

[Event "39. Rilton Cup 2009/2010"]
[Site "Stockholm SWE"]
[Date "2009.12.29"]
[Round "3.6"]
[White "Karlsson, Lars"]
[Black "Lysyj, Igor"]
[Result "1/2-1/2"]
[WhiteElo "2491"]
[BlackElo "2609"]
[PlyCount "35"]
[EventDate "2009.12.27"]
[EventType "swiss"]
[EventRounds "9"]
[EventCountry "SWE"]
[Source "lmi"]
[SourceDate "2009.12.27"]

1. Nf3 Nf6 2. b3 d5 3. Bb2 c6 4. e3 Bf5 5. Be2 h6 6. O-O e6 7. c4 Nbd7 8. d4
Bd6 9. Nc3 O-O 10. Bd3 Bxd3 11. Qxd3 Qe7 12. e4 dxe4 13. Nxe4 Nxe4 14. Qxe4 Ba3
15. Bc3 Bb4 16. Bb2 Ba3 17. Bc3 Bb4 18. Bb2 1/2-1/2

[Event "39. Rilton Cup 2009/2010"]
[Site "Stockholm SWE"]
[Date "2009.12.29"]
[Round "3.7"]
[White "Hammer, Jon Ludvig"]
[Black "Lauber, Arnd"]
[Result "1/2-1/2"]
[WhiteElo "2588"]
[BlackElo "2503"]
[PlyCount "73"]
[EventDate "2009.12.27"]
[EventType "swiss"]
[EventRounds "9"]
[EventCountry "SWE"]
[Source "lmi"]
[SourceDate "2009.12.27"]

1. d4 Nf6 2. c4 e6 3. g3 d5 4. Nf3 Bb4+ 5. Bd2 Be7 6. Bg2 O-O 7. O-O c6 8. Qc2
b6 9. Rd1 Ba6 10. Ne5 Nfd7 11. cxd5 cxd5 12. e4 Nxe5 13. exd5 Nf3+ 14. Bxf3 Bb7
15. Nc3 Na6 16. a3 Nc7 17. Be4 f5 18. Bg2 Nxd5 19. Re1 Qd7 20. Nxd5 Bxd5 21.
Bxd5 Qxd5 22. Re5 Qxd4 23. Rxe6 Bf6 24. Bb4 Qxb2 25. Qxb2 Bxb2 26. Ra2 Rf6 27.
Re7 a5 28. Rxb2 axb4 29. axb4 f4 30. Rd2 fxg3 31. hxg3 Raf8 32. Rb7 Rg6 33. Rd5
h6 34. Kg2 Rc8 35. Rb5 Rcc6 36. Kh3 Rgf6 37. f4 1/2-1/2

[Event "39. Rilton Cup 2009/2010"]
[Site "Stockholm SWE"]
[Date "2009.12.29"]
[Round "3.8"]
[White "Brynell, Stellan"]
[Black "Popov, Valerij"]
[Result "0-1"]
[WhiteElo "2472"]
[BlackElo "2588"]
[PlyCount "164"]
[EventDate "2009.12.27"]
[EventType "swiss"]
[EventRounds "9"]
[EventCountry "SWE"]
[Source "lmi"]
[SourceDate "2009.12.27"]

1. d4 Nf6 2. c4 e6 3. Nf3 d5 4. Nc3 Bb4 5. cxd5 exd5 6. Bg5 Nbd7 7. e3 h6 8.
Bh4 g5 9. Bg3 Ne4 10. Nd2 Nxg3 11. hxg3 Nb6 12. Bd3 Be6 13. Qc2 c6 14. a3 Bd6
15. O-O-O Qf6 16. Nb3 O-O-O 17. Kb1 Kb8 18. Ka1 h5 19. Qe2 Bg4 20. f3 Bc8 21.
Qf2 Bc7 22. Nc5 Nd7 23. Nxd7+ Bxd7 24. Rc1 Rde8 25. e4 Bb6 26. exd5 Bxd4 27.
Qc2 Bxc3 28. dxc6 Bxb2+ 29. Qxb2 Qxb2+ 30. Kxb2 Bxc6 31. Rce1 Rxe1 32. Rxe1 h4
33. gxh4 Rxh4 34. Kc3 Rh2 35. Re2 f6 36. Be4 Bxe4 37. fxe4 Kc7 38. Rf2 Rh6 39.
Kd4 Kd6 40. a4 Ke6 41. Rb2 Rh7 42. a5 Rd7+ 43. Ke3 Ke7 44. Rb5 Kd8 45. Kf3 Re7
46. Ke3 Kc7 47. Rc5+ Kd7 48. Kd4 Re6 49. Rb5 b6 50. axb6 axb6 51. Rb1 Rd6+ 52.
Ke3 Kc6 53. Rc1+ Kb5 54. Kf3 Re6 55. g4 Ka6 56. Ra1+ Kb7 57. Rb1 Re5 58. Ke3 b5
59. Kd4 Kc6 60. Rc1+ Kd7 61. Rb1 Kd6 62. Rf1 Re6 63. Rb1 Kc6 64. Rc1+ Kb6 65.
Rb1 Rd6+ 66. Ke3 Kc6 67. Rc1+ Kd7 68. Rc5 Rb6 69. Rf5 b4 70. Kd2 b3 71. Kc1 Re6
72. e5 Rxe5 73. Rxf6 Re4 74. Kb2 Ke7 75. Rg6 Rxg4 76. Kxb3 Kf7 77. Ra6 Re4 78.
Kc3 Re6 79. Ra1 Rd6 80. Rg1 Kf6 81. Kc4 Kf5 82. Rf1+ Ke4 0-1

[Event "39. Rilton Cup 2009/2010"]
[Site "Stockholm SWE"]
[Date "2009.12.29"]
[Round "3.9"]
[White "Semcesen, Daniel"]
[Black "Gleizerov, Evgeny"]
[Result "1/2-1/2"]
[WhiteElo "2460"]
[BlackElo "2566"]
[PlyCount "25"]
[EventDate "2009.12.27"]
[EventType "swiss"]
[EventRounds "9"]
[EventCountry "SWE"]
[Source "lmi"]
[SourceDate "2009.12.27"]

1. c4 e5 2. Nc3 Nc6 3. g3 g6 4. Bg2 Bg7 5. e4 d6 6. Nge2 Be6 7. d3 Nh6 8. Nd5
O-O 9. O-O f5 10. Rb1 Qd7 11. f3 Nf7 12. b4 Ne7 13. b5 1/2-1/2

[Event "39. Rilton Cup 2009/2010"]
[Site "Stockholm SWE"]
[Date "2009.12.29"]
[Round "3.10"]
[White "Ionov, Sergey"]
[Black "Yuneev, Alexey"]
[Result "1/2-1/2"]
[WhiteElo "2545"]
[BlackElo "2428"]
[PlyCount "44"]
[EventDate "2009.12.27"]
[EventType "swiss"]
[EventRounds "9"]
[EventCountry "SWE"]
[Source "lmi"]
[SourceDate "2009.12.27"]

1. d4 Nf6 2. c4 g6 3. Nc3 d5 4. Nf3 Bg7 5. e3 O-O 6. Qb3 e6 7. Bd2 b6 8. cxd5
exd5 9. Be2 c5 10. O-O Nc6 11. Rfd1 c4 12. Qa3 Rb8 13. Ne5 Nxe5 14. dxe5 Ng4
15. Be1 Bxe5 16. h3 Nf6 17. Qxa7 b5 18. f4 Rb7 19. Qc5 Bd6 20. Qd4 Be6 21. Bh4
Be7 22. a3 Nd7 1/2-1/2

[Event "39. Rilton Cup 2009/2010"]
[Site "Stockholm SWE"]
[Date "2009.12.29"]
[Round "3.11"]
[White "Shimanov, Aleksandr"]
[Black "Pohjala, Henri"]
[Result "1-0"]
[WhiteElo "2535"]
[BlackElo "2153"]
[PlyCount "119"]
[EventDate "2009.12.27"]
[EventType "swiss"]
[EventRounds "9"]
[EventCountry "SWE"]
[Source "lmi"]
[SourceDate "2009.12.27"]

1. d4 d5 2. c4 c6 3. Nf3 Nf6 4. Qc2 e6 5. g3 Bd6 6. Bg2 Nbd7 7. O-O O-O 8. Nbd2
b6 9. e4 dxe4 10. Ng5 Bb7 11. Ndxe4 Nxe4 12. Nxe4 Be7 13. Bf4 Nf6 14. Rfd1 Nxe4
15. Bxe4 g6 16. h4 Kg7 17. Rac1 h6 18. b4 Qc8 19. Qd2 Rh8 20. d5 c5 21. bxc5
Bxc5 22. Qc3+ Kg8 23. Be5 Rh7 24. h5 Qe8 25. hxg6 fxg6 26. Re1 exd5 27. cxd5
Rd7 28. Rcd1 Qf7 29. Qc2 Rf8 30. Bf4 g5 31. Bg6 Qf6 32. Re6 gxf4 33. Rxf6 Rxf6
34. g4 Rxd5 35. Rxd5 Bxd5 36. Bf5 a5 37. Qa4 Bc6 38. Qxf4 Kf8 39. Qc7 Be8 40.
Qe5 Be7 41. f4 Bc5+ 42. Kg2 Rd6 43. Be4 Bf7 44. a4 Kg8 45. Kf3 Re6 46. Qc7 Kf8
47. Qd8+ Re8 48. Qf6 Re6 49. Qh8+ Ke7 50. g5 hxg5 51. fxg5 Rd6 52. Qh7 Kf8 53.
g6 Bg8 54. Qh6+ Ke8 55. Qg7 Be6 56. Qh8+ Ke7 57. Qh7+ Kf6 58. Qh4+ Kg7 59. Qe7+
Kg8 60. Qh7+ 1-0

[Event "39. Rilton Cup 2009/2010"]
[Site "Stockholm SWE"]
[Date "2009.12.29"]
[Round "3.12"]
[White "Gagarin, Vasilij"]
[Black "Miezis, Normunds"]
[Result "0-1"]
[WhiteElo "2422"]
[BlackElo "2530"]
[PlyCount "78"]
[EventDate "2009.12.27"]
[EventType "swiss"]
[EventRounds "9"]
[EventCountry "SWE"]
[Source "lmi"]
[SourceDate "2009.12.27"]

1. d4 Nf6 2. c4 e5 3. dxe5 Ng4 4. Bf4 Nc6 5. Nf3 Bb4+ 6. Nbd2 Qe7 7. e3 Ncxe5
8. Nxe5 Nxe5 9. Be2 O-O 10. O-O Re8 11. Nb3 c6 12. Qc2 Bd6 13. Rfd1 Bc7 14. Nd4
d6 15. b4 Qf6 16. a4 g6 17. h3 a6 18. a5 c5 19. Nf3 cxb4 20. Qa4 Nc6 21. c5 Bd7
22. cxd6 Bxa5 23. Qa2 Bd8 24. Bc4 Qg7 25. Ng5 Bxg5 26. Bxg5 Re5 27. h4 Ra5 28.
Qb1 Rxa1 29. Qxa1 Qxa1 30. Rxa1 Be6 31. Be2 Kg7 32. e4 Nd4 33. Bd1 Rc8 34. Bc1
Nb5 35. e5 a5 36. Ba4 Nc3 37. Be3 b5 38. Bd1 a4 39. Bf3 b3 0-1

[Event "39. Rilton Cup 2009/2010"]
[Site "Stockholm SWE"]
[Date "2009.12.29"]
[Round "3.13"]
[White "Gorovykh, Eduard"]
[Black "Cramling, Pia"]
[Result "1/2-1/2"]
[WhiteElo "2410"]
[BlackElo "2525"]
[PlyCount "92"]
[EventDate "2009.12.27"]
[EventType "swiss"]
[EventRounds "9"]
[EventCountry "SWE"]
[Source "lmi"]
[SourceDate "2009.12.27"]

1. e4 c5 2. Nf3 a6 3. c3 e6 4. d4 d5 5. e5 Bd7 6. a3 Qb6 7. Bd3 Bb5 8. O-O Bxd3
9. Qxd3 c4 10. Qd1 Nc6 11. Nbd2 Na5 12. Rb1 Ne7 13. Ne1 Nec6 14. f4 Be7 15. Kh1
g6 16. g4 f5 17. exf6 Bxf6 18. f5 exf5 19. gxf5 O-O 20. fxg6 hxg6 21. Qg4 Ne7
22. Ndf3 Bg7 23. Ng2 Rae8 24. Bf4 Qf6 25. Ng5 Nf5 26. Be5 Nh6 27. Rxf6 Nxg4 28.
Rxg6 Nxe5 29. dxe5 Rxe5 30. Ne6 Rf6 31. Rxg7+ Kh8 32. Rg1 Rexe6 33. Nh4 Re1 34.
R7g5 Rxg1+ 35. Kxg1 Kh7 36. Rxd5 b5 37. a4 Rb6 38. Nf5 Nb3 39. axb5 axb5 40.
Nd6 b4 41. Nxc4 bxc3 42. bxc3 Rc6 43. Rh5+ Kg7 44. Rg5+ Kh7 45. Rg4 Nc1 46. Kf2
Na2 1/2-1/2

[Event "39. Rilton Cup 2009/2010"]
[Site "Stockholm SWE"]
[Date "2009.12.29"]
[Round "3.15"]
[White "Grandelius, Nils"]
[Black "Kopasov, Alexander"]
[Result "1-0"]
[WhiteElo "2540"]
[BlackElo "2221"]
[PlyCount "89"]
[EventDate "2009.12.27"]
[EventType "swiss"]
[EventRounds "9"]
[EventCountry "SWE"]
[Source "lmi"]
[SourceDate "2009.12.27"]

1. d4 Nf6 2. c4 e6 3. Nc3 Bb4 4. e3 c5 5. Nge2 d5 6. a3 Bxc3+ 7. Nxc3 cxd4 8.
exd4 Nc6 9. Be3 O-O 10. c5 Re8 11. Be2 e5 12. O-O exd4 13. Bxd4 Ne4 14. Bf3 a6
15. Rc1 Bf5 16. h3 Qe7 17. Nxd5 Qh4 18. Nc7 Red8 19. Nxa8 Nxd4 20. Rc4 Ng5 21.
Bg4 Nc6 22. Qc1 Ne5 23. Bxf5 Nxc4 24. Nb6 Nd2 25. Rd1 Qd4 26. Nd7 Rxd7 27. Bxd7
Nge4 28. Rxd2 Nxd2 29. Bc8 Ne4 30. Qe3 Qd5 31. Bg4 f5 32. Bf3 Qxc5 33. Qxc5
Nxc5 34. Bd5+ Kf8 35. b4 Nd7 36. Bxb7 Nb8 37. f4 Ke7 38. Kf2 Kd6 39. Ke3 Kc7
40. Bd5 Nd7 41. Be6 Nb6 42. Bxf5 Nc4+ 43. Kd4 Nxa3 44. Bd3 Kb6 45. Kc3 1-0

[Event "39. Rilton Cup 2009/2010"]
[Site "Stockholm SWE"]
[Date "2009.12.29"]
[Round "3.16"]
[White "Niemi, Mikko"]
[Black "Gavrilov, Alexei"]
[Result "0-1"]
[WhiteElo "2219"]
[BlackElo "2481"]
[PlyCount "116"]
[EventDate "2009.12.27"]
[EventType "swiss"]
[EventRounds "9"]
[EventCountry "SWE"]
[Source "lmi"]
[SourceDate "2009.12.27"]

1. c4 e5 2. g3 Nf6 3. Bg2 c6 4. d4 Bb4+ 5. Bd2 Bxd2+ 6. Qxd2 d6 7. Nc3 O-O 8.
e3 Be6 9. Rd1 Na6 10. b3 Qa5 11. Nge2 Rad8 12. O-O exd4 13. exd4 Qa3 14. Nf4
Bd7 15. Rfe1 Nc7 16. h3 h6 17. Bf1 b5 18. Bd3 Rfe8 19. Bb1 bxc4 20. bxc4 Kf8
21. Qd3 Rxe1+ 22. Rxe1 Re8 23. Rxe8+ Ncxe8 24. Kg2 Qb4 25. Nd1 c5 26. d5 Qe1
27. Kh2 Bc8 28. Ng2 Qe5 29. f4 Qh5 30. h4 Bf5 31. Qb3 Bxb1 32. Qxb1 Qf3 33.
Nde3 Ne4 34. Qe1 N8f6 35. Nf1 Ng4+ 36. Kg1 h5 37. Nge3 Ngf2 38. Ng2 g6 39. Kh2
Ng4+ 40. Kg1 Kg8 41. Kh1 Qxf1+ 42. Qxf1 Nxg3+ 43. Kg1 Nxf1 44. Kxf1 Kg7 45. Ke2
Kf6 46. Kf3 Kf5 47. a4 f6 48. a5 a6 49. Ne1 g5 50. Ng2 gxf4 51. Nxf4 Ne5+ 52.
Kg3 Nxc4 53. Nxh5 Nxa5 54. Ng7+ Kg6 55. Ne8 Nc4 56. Kg4 a5 57. h5+ Kf7 58. h6
Kxe8 0-1

[Event "39. Rilton Cup 2009/2010"]
[Site "Stockholm SWE"]
[Date "2009.12.29"]
[Round "3.17"]
[White "Rosenkilde, Alexander"]
[Black "Cramling, Dan"]
[Result "0-1"]
[WhiteElo "2201"]
[BlackElo "2408"]
[PlyCount "64"]
[EventDate "2009.12.27"]
[EventType "swiss"]
[EventRounds "9"]
[EventCountry "SWE"]
[Source "lmi"]
[SourceDate "2009.12.27"]

1. d4 c5 2. d5 Nf6 3. Nc3 Qa5 4. e3 g6 5. Nf3 Ne4 6. Qd3 Nxc3 7. Bd2 Bg7 8. e4
Qb4 9. bxc3 Qb2 10. Rd1 Qxa2 11. Qb5 O-O 12. Bc4 Qxc2 13. Bd3 a6 14. Qc4 b5 15.
Bxc2 bxc4 16. e5 d6 17. Bf4 dxe5 18. Bxe5 Bg4 19. Bxg7 Kxg7 20. Ke2 Rd8 21. h3
Bxf3+ 22. Kxf3 Nd7 23. Rhe1 Kf8 24. Ba4 Nf6 25. Bc6 Rab8 26. g4 Rb3 27. Re3 h6
28. Kf4 e6 29. Ke5 exd5 30. Kxf6 Rb6 31. Rxd5 Rxc6+ 32. Ke5 Re6+ 0-1

[Event "39. Rilton Cup 2009/2010"]
[Site "Stockholm SWE"]
[Date "2009.12.29"]
[Round "3.18"]
[White "Berczes, Csaba"]
[Black "Nguyen, Michael"]
[Result "1-0"]
[WhiteElo "2379"]
[BlackElo "2187"]
[PlyCount "79"]
[EventDate "2009.12.27"]
[EventType "swiss"]
[EventRounds "9"]
[EventCountry "SWE"]
[Source "lmi"]
[SourceDate "2009.12.27"]

1. Nf3 Nf6 2. g3 b5 3. Bg2 Bb7 4. O-O e6 5. d3 d5 6. e4 dxe4 7. Nfd2 Nbd7 8.
dxe4 Bc5 9. Qe2 Rb8 10. a3 e5 11. b4 Bd4 12. c3 Bb6 13. c4 Bd4 14. Ra2 bxc4 15.
Nxc4 O-O 16. Na5 c5 17. Nb3 Bc6 18. Nxd4 cxd4 19. a4 Qb6 20. b5 Ba8 21. Nd2 Qe6
22. Ra1 Rfc8 23. Ba3 Rc2 24. Rfc1 Rbc8 25. Rxc2 Rxc2 26. Bb4 Qe8 27. f3 Qc8 28.
Bf1 Nc5 29. Qd1 d3 30. Qe1 Nfd7 31. Qe3 Rb2 32. Ba3 Rxd2 33. Qxd2 Nb3 34. Rc1
Qxc1 35. Bxc1 Nxd2 36. Bxd2 Nb6 37. a5 Nc4 38. Bb4 d2 39. Be2 f6 40. Bxc4+ 1-0

[Event "39. Rilton Cup 2009/2010"]
[Site "Stockholm SWE"]
[Date "2009.12.29"]
[Round "3.19"]
[White "Svensson, Leif"]
[Black "Molchanova, Tatjana"]
[Result "0-1"]
[WhiteElo "2195"]
[BlackElo "2368"]
[PlyCount "58"]
[EventDate "2009.12.27"]
[EventType "swiss"]
[EventRounds "9"]
[EventCountry "SWE"]
[Source "lmi"]
[SourceDate "2009.12.27"]

1. d4 d5 2. Nc3 c6 3. Bg5 g6 4. f3 Bg7 5. Qd3 b6 6. O-O-O Ba6 7. Qd2 Qd7 8. e4
Bxf1 9. Rxf1 dxe4 10. fxe4 Qxd4 11. Qe2 Qc5 12. Be3 Qa5 13. Qc4 Nf6 14. g4 Qa6
15. Qxa6 Nxa6 16. h3 Nd7 17. Nge2 Nac5 18. g5 Ne6 19. h4 h6 20. a3 hxg5 21.
hxg5 Rxh1 22. Rxh1 Ne5 23. Nf4 Nf8 24. Rd1 Nc4 25. Rd3 Rd8 26. Nd1 Rxd3 27.
cxd3 Nxe3 28. Nxe3 Nh7 29. Nh3 Nxg5 0-1

[Event "39. Rilton Cup 2009/2010"]
[Site "Stockholm SWE"]
[Date "2009.12.29"]
[Round "3.20"]
[White "Wiander, Michael"]
[Black "Jacobsen, Bo"]
[Result "0-1"]
[WhiteElo "2195"]
[BlackElo "2306"]
[PlyCount "106"]
[EventDate "2009.12.27"]
[EventType "swiss"]
[EventRounds "9"]
[EventCountry "SWE"]
[Source "lmi"]
[SourceDate "2009.12.27"]

1. c4 Nf6 2. g3 c5 3. Bg2 Nc6 4. Nc3 e5 5. d3 h6 6. a3 Be7 7. e4 d6 8. Rb1 a5
9. Nge2 O-O 10. O-O Nd4 11. b3 Rb8 12. Nxd4 cxd4 13. Nb5 Bd7 14. a4 Ra8 15. f4
Bxb5 16. axb5 Nd7 17. h4 exf4 18. Bxf4 Ne5 19. Bh3 Bf6 20. Bf5 b6 21. Qd2 Re8
22. Rf2 h5 23. Rbf1 g6 24. Bh3 Rf8 25. Bxe5 Bxe5 26. Rxf7 Rxf7 27. Be6 Raa7 28.
Qh6 Qf8 29. Qxg6+ Qg7 30. Bxf7+ Rxf7 31. Qxf7+ Qxf7 32. Rxf7 Kxf7 33. Kf2 Bg7
34. Kf3 Kf6 35. Kf2 Bh6 36. Kg2 Bf8 37. Kf3 Ke7 38. Kg2 Bg7 39. Kf3 Bh6 40. Kg2
Bd2 41. Kf3 Bc1 42. Kf2 Bh6 43. Kf3 Bf8 44. Kf2 d5 45. cxd5 Kd6 46. g4 Kc5 47.
g5 Bd6 48. Kf3 Be5 49. Ke2 Kxb5 50. Kd2 Kc5 51. Kc2 b5 52. Kb2 Kd6 53. Kc2 Bg3
0-1

[Event "39. Rilton Cup 2009/2010"]
[Site "Stockholm SWE"]
[Date "2009.12.29"]
[Round "3.23"]
[White "Vaarala, Eric"]
[Black "Gromova, Iulia"]
[Result "1-0"]
[WhiteElo "2032"]
[BlackElo "2222"]
[PlyCount "91"]
[EventDate "2009.12.27"]
[EventType "swiss"]
[EventRounds "9"]
[EventCountry "SWE"]
[Source "lmi"]
[SourceDate "2009.12.27"]

1. e4 c6 2. d4 d5 3. e5 Bf5 4. Nc3 e6 5. g4 Bg6 6. Nge2 f6 7. h4 Nd7 8. f4 h5
9. f5 Bf7 10. Nf4 fxe5 11. dxe5 Nxe5 12. fxe6 Bg6 13. Nxg6 Nxg6 14. gxh5 Ne5
15. Qe2 Qf6 16. Bg2 Bd6 17. Bg5 Qxe6 18. O-O-O Nf6 19. Bh3 Qf7 20. Rhf1 Qxh5
21. Qg2 Rf8 22. Rde1 Nfd7 23. Bg4 Qg6 24. Qh3 Nf6 25. Bf5 Qf7 26. Bf4 Qe7 27.
Qg3 Nfd7 28. Qh3 Nf6 29. Re2 Kd8 30. Kb1 Kc7 31. Rfe1 Nfd7 32. Bg3 Qf6 33. Bxd7
Nxd7 34. Re6 Bxg3 35. Rxf6 Bxe1 36. Qh2+ Kc8 37. Rxf8+ Nxf8 38. Qe2 Bxh4 39.
Qe8+ Bd8 40. Qxf8 g5 41. Ne2 b6 42. Nd4 Kb7 43. Qd6 Rc8 44. Qd7+ Bc7 45. Qxc6+
Ka6 46. Ne6 1-0

[Event "39. Rilton Cup 2009/2010"]
[Site "Stockholm SWE"]
[Date "2009.12.29"]
[Round "3.24"]
[White "Nithander, Victor"]
[Black "Mardell, Jimmy"]
[Result "1-0"]
[WhiteElo "2434"]
[BlackElo "2182"]
[PlyCount "49"]
[EventDate "2009.12.27"]
[EventType "swiss"]
[EventRounds "9"]
[EventCountry "SWE"]
[Source "lmi"]
[SourceDate "2009.12.27"]

1. e4 c5 2. Nf3 d6 3. d4 cxd4 4. Nxd4 Nf6 5. f3 g6 6. c4 Bg7 7. Be3 O-O 8. Nc3
Nc6 9. Nc2 Nd7 10. Qd2 Nc5 11. b4 Ne6 12. Rd1 Ne5 13. Be2 f5 14. f4 Nc6 15.
exf5 gxf5 16. O-O Kh8 17. Bf3 Nc7 18. Ne2 Qe8 19. Ng3 Be6 20. Nh5 Bf7 21. Nxg7
Kxg7 22. b5 Nd8 23. Bd4+ e5 24. fxe5 dxe5 25. Rfe1 1-0

[Event "39. Rilton Cup 2009/2010"]
[Site "Stockholm SWE"]
[Date "2009.12.29"]
[Round "3.26"]
[White "Bryntze, Stefan"]
[Black "Kauppila, Osmo"]
[Result "1/2-1/2"]
[WhiteElo "2073"]
[BlackElo "2279"]
[PlyCount "91"]
[EventDate "2009.12.27"]
[EventType "swiss"]
[EventRounds "9"]
[EventCountry "SWE"]
[Source "lmi"]
[SourceDate "2009.12.27"]

1. f4 Nf6 2. Nf3 g6 3. b3 Bg7 4. Bb2 O-O 5. e3 c5 6. Be2 Nc6 7. Bb5 Qc7 8. O-O
d6 9. Bxc6 Qxc6 10. d3 b5 11. Nbd2 Bb7 12. Qe1 e5 13. fxe5 Ng4 14. e4 Nxe5 15.
Nxe5 dxe5 16. Qg3 f6 17. a4 a6 18. Rf2 Rad8 19. Nf1 c4 20. bxc4 bxc4 21. Ne3
cxd3 22. Nd5 Qe6 23. c4 f5 24. Qh3 Bxd5 25. exd5 Qb6 26. Qxd3 e4 27. Qa3 Bd4
28. Bxd4 Qxd4 29. Rc1 f4 30. Qc3 Qc5 31. Rd1 Rc8 32. Rd4 e3 33. Re2 Rce8 34.
Qd3 Qe7 35. d6 Qf6 36. d7 Rd8 37. h3 Rf7 38. c5 Qe6 39. c6 Qxc6 40. Rc2 Qe6 41.
Rc8 Rff8 42. Rd6 Qa2 43. Rxg6+ hxg6 44. Qxg6+ Kh8 45. Qh6+ Kg8 46. Qg6+ 1/2-1/2

[Event "39. Rilton Cup 2009/2010"]
[Site "Stockholm SWE"]
[Date "2009.12.29"]
[Round "3.27"]
[White "Jacobsen, Kovachev Daniel"]
[Black "Satonen, Arto"]
[Result "1/2-1/2"]
[WhiteElo "2243"]
[BlackElo "2177"]
[PlyCount "91"]
[EventDate "2009.12.27"]
[EventType "swiss"]
[EventRounds "9"]
[EventCountry "SWE"]
[Source "lmi"]
[SourceDate "2009.12.27"]

1. d4 d5 2. c4 e6 3. Nf3 c5 4. cxd5 exd5 5. g3 Nc6 6. Bg2 Nf6 7. O-O Be7 8. Nc3
O-O 9. dxc5 Bxc5 10. Na4 Be7 11. b3 Bg4 12. Bb2 Re8 13. Rc1 Ne4 14. Nd4 Nxd4
15. Bxd4 Ba3 16. Rc2 Bf5 17. e3 Qd7 18. Qe2 Rac8 19. Rxc8 Rxc8 20. Bxa7 b5 21.
Nb6 Qxa7 22. Nxc8 Bxc8 23. Qxb5 Be6 24. Qe8+ Bf8 25. Qa4 Qb7 26. Rc1 h6 27. Qc6
Qb4 28. Qc2 Be7 29. f3 Nd6 30. Kh1 Nf5 31. Qd3 Qb6 32. e4 dxe4 33. Qxe4 Ne3 34.
Qa8+ Kh7 35. Qe4+ Kg8 36. Qa8+ Kh7 37. Qc6 Qa7 38. Qa4 Qb6 39. Qc6 Qa7 40. Qa4
Qb6 41. Rc6 Qd8 42. Qe4+ Nf5 43. Rc1 g6 44. Qe2 Qa5 45. f4 Bf6 46. Rd1 1/2-1/2

[Event "39. Rilton Cup 2009/2010"]
[Site "Stockholm SWE"]
[Date "2009.12.29"]
[Round "3.28"]
[White "Johansson, Gunnar"]
[Black "Hobber, Anders"]
[Result "1-0"]
[WhiteElo "2234"]
[BlackElo "2132"]
[PlyCount "59"]
[EventDate "2009.12.27"]
[EventType "swiss"]
[EventRounds "9"]
[EventCountry "SWE"]
[Source "lmi"]
[SourceDate "2009.12.27"]

1. d4 d5 2. Nf3 Nf6 3. c4 c6 4. e3 e6 5. Bd3 Nbd7 6. O-O Bd6 7. Nc3 dxc4 8.
Bxc4 O-O 9. a3 e5 10. Ba2 Qe7 11. Qc2 b5 12. Bd2 Bb7 13. Ng5 a5 14. Nce4 Nxe4
15. Nxe4 c5 16. Nxd6 Qxd6 17. dxc5 Nxc5 18. f3 Nd3 19. Rad1 e4 20. Qb3 exf3 21.
gxf3 Qg6+ 22. Kh1 Ne5 23. e4 Nxf3 24. Rxf3 Qxe4 25. Rdf1 Rad8 26. Qe3 Qc2 27.
Bc3 Rd3 28. Bxf7+ Kh8 29. Bxg7+ Kxg7 30. Qg5+ 1-0